000 00294nam a2200109 4500
999 _c13601
_d13601
008 190329b ||||| |||| 00| 0 eng d
245 _aHolcim to tackle plastic pollution.
260 _aDavao City
_bSun Star Davao
_cc2018
300 _apage 15.
650 0 _937924
_aPollution.
942 _2ddc
_cPER